000 00423cam a2200169ua 4500
001 5088
008 120808n ii |||gr||||Z||||||eng
040 _cMAIN
082 _a823.9154
100 _aNarayan, R. K.,
_eAuthor.,
245 1 1 _aVendor of sweets
_cby R. K. Narayan.
250 _a1st.
260 _abareilly:
_bPrakash book depot,
_c1994.
300 _a34p:
_c23cm.
700 _aSingh, R. A.,
_eEditor.,
942 _cBK
999 _c4272
_d4272